[Event "Kupreichik Memorial Open 2018"]
[Site "Minsk"]
[Date "2018.06.21"]
[Round "4"]
[White "Sarbay, Aleksandr"]
[Black "Talma, Sergei"]
[Result "1-0"]
[WhiteElo "2183"]
[BlackElo "1858"]
[Annotator "NA"]
[PlyCount "46"]
[EventDate "2018.06.21"]
[EventCountry "BLR"]
[SourceTitle "playchess.com"]
[Source "ChessBase"]
[SourceQuality "1"]
[TimeControl "900+10"]

1. e4 {[%emt 0:00:00]} c5 {[%emt 0:00:03]} 2. Nf3 {[%emt 0:00:00]} a6 {[%emt 0:00:02]} 3. g3 {[%emt 0:00:02]} Nc6 {[%emt 0:00:04]} 4. Bg2 {[%emt 0:00:06]} e5 {[%emt 0:00:20]} 5. O-O {[%emt 0:00:40]} Nf6 {[%emt 0:00:13]} 6. Re1 {[%emt 0:00:43]} d6 {[%emt 0:00:10]} 7. h3 {[%emt 0:00:17]} h6 {[%emt 0:03:46]} 8. c3 {[%emt 0:00:08]} g5 {[%emt 0:00:08]} 9. d4 {[%emt 0:00:40]} g4 {[%emt 0:00:10]} 10. hxg4 {[%emt 0:00:28]} Bxg4 {[%emt 0:00:05]} 11. dxc5 {[%emt 0:00:14]} dxc5 {[%emt 0:00:41]} 12. Qe2 {[%emt 0:00:55]} Qd7 {[%emt 0:04:47]} 13. Nbd2 {[%emt 0:00:52]} Qe6 {[%emt 0:01:14]} 14. Nc4 {[%emt 0:00:49]} Be7 {[%emt 0:01:43]} 15. Ne3 {[%emt 0:00:17]} h5 {[%emt 0:00:33]} 16. Nf5 {[%emt 0:03:21]} O-O-O {[%emt 0:02:07]} 17. Bg5 {[%emt 0:02:53]} Rhg8 {[%emt 0:00:29]} 18. Nxe7+ {[%emt 0:01:29]} Nxe7 {[%emt 0:00:26]} 19. Qe3 {[%emt 0:00:29]} Qd6 {[%emt 0:00:50]} 20. Rad1 {[%emt 0:00:51]} Qxd1 21. Rxd1 Rxd1+ 22. Kh2 Bxf3 23. Qxf3 Ng4+ {Qe3 Nf6 Bxf6} 1-0

[Event "Kupreichik Memorial Open 2018"]
[Site "Minsk"]
[Date "2018.06.21"]
[Round "4"]
[White "Savolainen, Lev P"]
[Black "Laptii, Nazar"]
[Result "1-0"]
[WhiteElo "2163"]
[BlackElo "1915"]
[Annotator "NA"]
[PlyCount "95"]
[EventDate "2018.06.21"]
[EventCountry "BLR"]
[SourceTitle "playchess.com"]
[Source "ChessBase"]
[SourceQuality "1"]
[TimeControl "900+10"]

1. d4 {[%emt 0:00:00]} g6 {[%emt 0:00:01]} 2. Nf3 {[%emt 0:00:00]} Bg7 {[%emt 0:00:01]} 3. c4 {[%emt 0:00:00]} Nf6 {[%emt 0:00:01]} 4. Nc3 {[%emt 0:00:04]} O-O {[%emt 0:00:03]} 5. Bf4 {[%emt 0:00:43]} d6 {[%emt 0:00:05]} 6. h3 {[%emt 0:00:04]} Nbd7 {[%emt 0:00:06]} 7. e3 {[%emt 0:00:02]} c6 {[%emt 0:00:57]} 8. Be2 {[%emt 0:00:07]} Qe8 {[%emt 0:00:02]} 9. O-O {[%emt 0:00:11]} e5 {[%emt 0:00:01]} 10. Bh2 {[%emt 0:00:03]} e4 {[%emt 0:00:25]} 11. Nd2 {[%emt 0:00:02]} Qe7 {[%emt 0:00:04]} 12. b4 {[%emt 0:00:50]} b6 {[%emt 0:02:54]} 13. a4 {[%emt 0:04:02]} Bb7 {[%emt 0:04:47]} 14. Qb1 {[%emt 0:01:56]} c5 {[%emt 0:00:31]} 15. bxc5 {[%emt 0:00:49]} dxc5 {[%emt 0:00:03]} 16. Nb5 {[%emt 0:00:32]} Ne8 {[%emt 0:00:36]} 17. Nb3 {[%emt 0:01:21]} a6 {[%emt 0:01:02]} 18. Nc3 {[%emt 0:00:50]} f5 {[%emt 0:02:22]} 19. a5 {[%emt 0:01:52]} f4 {[%emt 0:00:30]} 20. Bxf4 {[%emt 0:02:32]} cxd4 21. Nd5 {[%emt 0:00:03]} Bxd5 {[%emt 0:03:24]} 22. cxd5 {[%emt 0:00:03]} g5 {[%emt 0:00:39]} 23. d6 {[%emt 0:00:30]} Nxd6 {[%emt 0:00:14]} 24. Bxd6 Qxd6 {[%emt 0:00:01]} 25. Nxd4 {[%emt 0:00:32]} Bxd4 {[%emt 0:00:11]} 26. exd4 {[%emt 0:00:23]} Qxd4 {[%emt 0:00:16]} 27. Qb3+ {[%emt 0:00:37]} Kh8 {[%emt 0:00:09]} 28. Rad1 {[%emt 0:00:02]} Qg7 {[%emt 0:00:03]} 29. axb6 {[%emt 0:00:05]} Rab8 {[%emt 0:00:07]} 30. Rd6 {[%emt 0:00:06]} Rf6 {[%emt 0:00:15]} 31. Rxf6 {[%emt 0:00:45]} Qxf6 {[%emt 0:00:00]} 32. Rd1 {[%emt 0:00:08]} Rxb6 {[%emt 0:00:12]} 33. Qe3 {[%emt 0:00:03]} Nf8 {[%emt 0:00:20]} 34. Qxe4 {[%emt 0:00:10]} Re6 {[%emt 0:00:05]} 35. Qc4 {[%emt 0:00:07]} Rc6 {[%emt 0:00:14]} 36. Qa2 {[%emt 0:00:05]} Ng6 {[%emt 0:00:15]} 37. Bf3 {[%emt 0:00:02]} Rc8 {[%emt 0:00:08]} 38. Qd5 {[%emt 0:00:07]} Nh4 {[%emt 0:00:05]} 39. Bg4 {[%emt 0:00:11]} Rf8 {[%emt 0:00:02]} 40. Rd2 {[%emt 0:00:02]} h6 {[%emt 0:00:14]} 41. Qc5 {[%emt 0:00:14]} Re8 {[%emt 0:00:14]} 42. Rd6 {[%emt 0:00:18]} Qa1+ {[%emt 0:00:18]} 43. Kh2 {[%emt 0:00:06]} Qg7 {[%emt 0:00:10]} 44. Qc6 {[%emt 0:00:12]} Rf8 {[%emt 0:00:11]} 45. Rxh6+ {[%emt 0:00:06]} Kg8 {[%emt 0:00:01]} 46. Be6+ {[%emt 0:00:01]} Rf7 {[%emt 0:00:01]} 47. Qe8+ {[%emt 0:00:05]} Qf8 {[%emt 0:00:03]} 48. Bxf7+ 1-0

[Event "Kupreichik Memorial Open 2018"]
[Site "Minsk"]
[Date "2018.06.21"]
[Round "4"]
[White "Badelka, Olga"]
[Black "Zhukova, Natalia"]
[Result "0-1"]
[WhiteElo "2153"]
[BlackElo "2356"]
[Annotator "NA"]
[PlyCount "76"]
[EventDate "2018.06.21"]
[EventCountry "BLR"]
[SourceTitle "playchess.com"]
[Source "ChessBase"]
[SourceQuality "1"]
[TimeControl "900+10"]

1. d4 {[%emt 0:00:00]} Nf6 {[%emt 0:00:02]} 2. c4 {[%emt 0:00:00]} e6 {[%emt 0:00:02]} 3. Nc3 {[%emt 0:00:00]} d5 {[%emt 0:00:03]} 4. cxd5 {[%emt 0:00:00]} Nxd5 {[%emt 0:00:01]} 5. e4 {[%emt 0:00:00]} Nxc3 {[%emt 0:00:02]} 6. bxc3 {[%emt 0:00:01]} c5 {[%emt 0:00:02]} 7. Nf3 {[%emt 0:00:18]} cxd4 {[%emt 0:00:03]} 8. cxd4 {[%emt 0:00:01]} Bb4+ {[%emt 0:00:01]} 9. Bd2 {[%emt 0:00:02]} Bxd2+ {[%emt 0:00:08]} 10. Qxd2 {[%emt 0:00:01]} O-O {[%emt 0:00:04]} 11. Bc4 {[%emt 0:00:21]} Nd7 {[%emt 0:00:11]} 12. O-O {[%emt 0:00:07]} b6 {[%emt 0:00:01]} 13. Rfe1 {[%emt 0:00:29]} Bb7 {[%emt 0:00:01]} 14. Rad1 {[%emt 0:00:50]} Rc8 {[%emt 0:01:02]} 15. Bd3 {[%emt 0:00:04]} h6 {[%emt 0:00:15]} 16. Bb1 {[%emt 0:02:03]} Qc7 {[%emt 0:00:24]} 17. Re3 {[%emt 0:01:11]} Rfd8 {[%emt 0:01:05]} 18. Ne1 {[%emt 0:01:56]} Ne5 {[%emt 0:01:53]} 19. Rg3 {[%emt 0:00:55]} Nc4 {[%emt 0:02:56]} 20. Qe2 {[%emt 0:00:01]} Qe7 {[%emt 0:05:00]} 21. e5 {[%emt 0:01:35]} Na3 {[%emt 0:00:03]} 22. Bd3 {[%emt 0:00:55]} Kh8 {[%emt 0:00:31]} 23. Qg4 {[%emt 0:01:19]} Qf8 {[%emt 0:00:05]} 24. Be4 {[%emt 0:03:07]} Bxe4 {[%emt 0:00:21]} 25. Qxe4 {[%emt 0:00:02]} Nb5 {[%emt 0:00:11]} 26. Qe3 {[%emt 0:03:25]} Nc3 {[%emt 0:00:40]} 27. Rd2 {[%emt 0:00:04]} Qb4 {[%emt 0:00:46]} 28. h3 {[%emt 0:00:32]} Ne4 {[%emt 0:00:16]} 29. Qxe4 {[%emt 0:00:14]} Qxd2 {[%emt 0:00:01]} 30. Nf3 {[%emt 0:00:07]} Rc1+ {[%emt 0:00:08]} 31. Kh2 {[%emt 0:00:02]} Qxf2 {[%emt 0:00:16]} 32. Qg4 {[%emt 0:00:20]} Rg8 {[%emt 0:00:08]} 33. Qh5 {[%emt 0:00:03]} Qf1 {[%emt 0:00:15]} 34. Rg4 {[%emt 0:00:17]} Qh1+ {[%emt 0:00:13]} 35. Kg3 {[%emt 0:00:01]} Rc2 {[%emt 0:00:07]} 36. Qxf7 {[%emt 0:00:23]} Rxg2+ {[%emt 0:00:14]} 37. Kf4 {[%emt 0:00:13]} Qc1+ {[%emt 0:00:34]} 38. Ke4 {[%emt 0:00:01]} Re2+ {[%emt 0:00:04]} 0-1

[Event "Kupreichik Memorial Open 2018"]
[Site "Minsk"]
[Date "2018.06.21"]
[Round "4"]
[White "Maslak, Alexander"]
[Black "Tsvetkova, Vladislava"]
[Result "1/2-1/2"]
[WhiteElo "2127"]
[BlackElo "1697"]
[Annotator "NA"]
[PlyCount "88"]
[EventDate "2018.06.21"]
[EventCountry "BLR"]
[SourceTitle "playchess.com"]
[Source "ChessBase"]
[SourceQuality "1"]
[TimeControl "900+10"]

1. e4 {[%emt 0:00:00]} c6 {[%emt 0:00:02]} 2. d4 {[%emt 0:00:00]} d5 {[%emt 0:00:02]} 3. Nc3 {[%emt 0:00:00]} dxe4 {[%emt 0:00:02]} 4. Nxe4 {[%emt 0:00:00]} Nf6 {[%emt 0:00:02]} 5. Nxf6+ {[%emt 0:00:00]} gxf6 {[%emt 0:00:03]} 6. Be3 {[%emt 0:00:13]} Bf5 {[%emt 0:00:07]} 7. Ne2 {[%emt 0:00:06]} Nd7 {[%emt 0:00:06]} 8. Ng3 {[%emt 0:00:02]} Bg6 {[%emt 0:00:03]} 9. h4 {[%emt 0:01:13]} h5 {[%emt 0:00:03]} 10. f4 {[%emt 0:00:21]} e6 {[%emt 0:00:20]} 11. Qd2 {[%emt 0:01:40]} Qc7 {[%emt 0:00:28]} 12. O-O-O {[%emt 0:00:10]} O-O-O {[%emt 0:00:06]} 13. Qf2 {[%emt 0:00:07]} Nb6 {[%emt 0:00:38]} 14. c4 {[%emt 0:02:13]} Bb4 {[%emt 0:01:27]} 15. a3 {[%emt 0:00:58]} Nd5 {[%emt 0:03:36]} 16. axb4 {[%emt 0:01:39]} Nxb4 {[%emt 0:00:04]} 17. f5 {[%emt 0:02:04]} exf5 {[%emt 0:00:15]} 18. Bd3 {[%emt 0:01:20]} Nxd3+ {[%emt 0:04:57]} 19. Rxd3 {[%emt 0:00:02]} Qa5 {[%emt 0:00:23]} 20. Ra3 {[%emt 0:01:11]} Qb4 {[%emt 0:00:05]} 21. Qf4 {[%emt 0:01:11]} Rhe8 {[%emt 0:01:09]} 22. Rd1 {[%emt 0:01:35]} Qxc4+ {[%emt 0:00:58]} 23. Kb1 {[%emt 0:00:43]} Rd5 {[%emt 0:01:39]} 24. Rc1 {[%emt 0:00:45]} Qb4 {[%emt 0:00:56]} 25. Ka1 {[%emt 0:00:27]} Rb5 {[%emt 0:00:53]} 26. Rb1 {[%emt 0:00:27]} Ra5 {[%emt 0:00:05]} 27. Bc1 {[%emt 0:00:14]} Re1 {[%emt 0:00:52]} 28. Qd2 {[%emt 0:00:29]} Qxd2 {[%emt 0:00:08]} 29. Bxd2 {[%emt 0:00:02]} Rxa3+ {[%emt 0:00:07]} 30. bxa3 {[%emt 0:00:01]} Rxb1+ {[%emt 0:00:02]} 31. Kxb1 {[%emt 0:00:01]} f4+ {[%emt 0:00:02]} 32. Kb2 {[%emt 0:00:01]} fxg3 {[%emt 0:00:01]} 33. Bf4 {[%emt 0:00:02]} Kd7 {[%emt 0:00:03]} 34. Bxg3 {[%emt 0:00:01]} Ke6 {[%emt 0:00:02]} 35. Bb8 {[%emt 0:00:02]} a6 {[%emt 0:00:02]} 36. Kc3 {[%emt 0:00:01]} Kd5 {[%emt 0:00:01]} 37. g3 {[%emt 0:00:01]} b5 {[%emt 0:00:10]} 38. Bc7 {[%emt 0:00:03]} Be4 {[%emt 0:00:06]} 39. Bd8 {[%emt 0:00:02]} f5 {[%emt 0:00:03]} 40. Be7 {[%emt 0:00:02]} Bb1 {[%emt 0:00:46]} 41. Bd8 {[%emt 0:00:02]} Ke4 {[%emt 0:00:05]} 42. Bc7 {[%emt 0:00:02]} Ke3 {[%emt 0:00:40]} 43. Bf4+ {[%emt 0:00:02]} Ke4 {[%emt 0:00:05]} 44. Bc7 {[%emt 0:00:02]} Kd5 {[%emt 0:00:08]} 1/2-1/2

[Event "Kupreichik Memorial Open 2018"]
[Site "Minsk"]
[Date "2018.06.21"]
[Round "4"]
[White "Shaban, Alena"]
[Black "Papunidi, Matvey"]
[Result "0-1"]
[WhiteElo "2027"]
[BlackElo "1751"]
[Annotator "NA"]
[PlyCount "52"]
[EventDate "2018.06.21"]
[EventCountry "BLR"]
[SourceTitle "playchess.com"]
[Source "ChessBase"]
[SourceQuality "1"]
[TimeControl "900+10"]

1. Nf3 {[%emt 0:00:00]} c5 {[%emt 0:00:02]} 2. g3 {[%emt 0:00:00]} g6 {[%emt 0:00:01]} 3. Bg2 {[%emt 0:00:00]} Bg7 {[%emt 0:00:01]} 4. d3 {[%emt 0:00:00]} Nc6 {[%emt 0:00:02]} 5. O-O {[%emt 0:00:00]} e6 {[%emt 0:00:18]} 6. e4 {[%emt 0:00:06]} Nge7 {[%emt 0:00:07]} 7. Re1 {[%emt 0:00:23]} O-O {[%emt 0:00:11]} 8. Nbd2 {[%emt 0:00:08]} d6 {[%emt 0:00:07]} 9. c3 {[%emt 0:00:28]} Rb8 {[%emt 0:00:03]} 10. Nf1 {[%emt 0:00:10]} b5 {[%emt 0:00:04]} 11. d4 {[%emt 0:00:20]} Bb7 {[%emt 0:01:22]} 12. dxc5 {[%emt 0:01:25]} dxc5 {[%emt 0:00:01]} 13. Bf4 {[%emt 0:00:08]} Rc8 {[%emt 0:00:24]} 14. Bd6 {[%emt 0:00:14]} Na5 {[%emt 0:00:42]} 15. e5 {[%emt 0:04:40]} Nc4 {[%emt 0:00:10]} 16. Qe2 {[%emt 0:00:12]} Nxd6 {[%emt 0:02:35]} 17. Rad1 {[%emt 0:00:38]} Nd5 {[%emt 0:01:12]} 18. exd6 {[%emt 0:00:04]} a6 {[%emt 0:00:19]} 19. c4 {[%emt 0:01:52]} bxc4 {[%emt 0:00:06]} 20. Qxc4 {[%emt 0:00:02]} Qxd6 {[%emt 0:00:26]} 21. Ne3 {[%emt 0:00:37]} Nxe3 {[%emt 0:00:13]} 22. fxe3 {[%emt 0:00:06]} Qb6 {[%emt 0:00:45]} 23. b3 {[%emt 0:00:13]} Rfd8 {[%emt 0:00:54]} 24. Qh4 {[%emt 0:00:07]} Rxd1 {[%emt 0:01:02]} 25. Rxd1 {[%emt 0:00:03]} c4 {[%emt 0:00:01]} 26. bxc4 {[%emt 0:00:08]} Qxe3+ {[%emt 0:00:03]} 0-1

[Event "Kupreichik Memorial Open 2018"]
[Site "Minsk"]
[Date "2018.06.21"]
[Round "4"]
[White "Kalinin, Dmitry"]
[Black "Nomin-Erdene, Davaademberel"]
[Result "1/2-1/2"]
[WhiteElo "1995"]
[BlackElo "2312"]
[Annotator "NA"]
[PlyCount "181"]
[EventDate "2018.06.21"]
[EventCountry "BLR"]
[SourceTitle "playchess.com"]
[Source "ChessBase"]
[SourceQuality "1"]
[TimeControl "900+10"]

1. d4 {[%emt 0:00:00]} f5 {[%emt 0:00:03]} 2. Nf3 {[%emt 0:00:08]} Nf6 {[%emt 0:00:02]} 3. g3 {[%emt 0:00:08]} g6 {[%emt 0:00:02]} 4. Bg2 {[%emt 0:00:02]} Bg7 {[%emt 0:00:01]} 5. O-O {[%emt 0:00:03]} O-O {[%emt 0:00:13]} 6. c4 {[%emt 0:00:07]} d6 {[%emt 0:00:01]} 7. Nc3 {[%emt 0:00:08]} Qe8 {[%emt 0:00:30]} 8. d5 {[%emt 0:00:33]} Na6 {[%emt 0:03:49]} 9. Be3 {[%emt 0:01:24]} c6 {[%emt 0:00:44]} 10. Nd4 {[%emt 0:01:31]} Bd7 {[%emt 0:00:17]} 11. Rc1 {[%emt 0:00:51]} Nc7 {[%emt 0:00:37]} 12. Qb3 {[%emt 0:00:26]} Rb8 {[%emt 0:01:53]} 13. Rfd1 {[%emt 0:02:35]} Kh8 {[%emt 0:00:56]} 14. Qa3 {[%emt 0:00:57]} a6 {[%emt 0:00:47]} 15. c5 {[%emt 0:01:14]} Ncxd5 {[%emt 0:02:42]} 16. Nxd5 {[%emt 0:00:08]} cxd5 {[%emt 0:01:34]} 17. cxd6 {[%emt 0:01:18]} e5 {[%emt 0:00:01]} 18. Nb3 {[%emt 0:00:11]} d4 {[%emt 0:01:33]} 19. Bg5 {[%emt 0:00:09]} b6 {[%emt 0:00:33]} 20. Rc7 {[%emt 0:00:21]} Qe6 {[%emt 0:00:11]} 21. f4 {[%emt 0:00:34]} Ne8 {[%emt 0:00:12]} 22. Be7 {[%emt 0:00:53]} Nxc7 {[%emt 0:00:20]} 23. Bxf8 {[%emt 0:00:06]} Bxf8 {[%emt 0:00:14]} 24. dxc7 {[%emt 0:00:01]} Rc8 {[%emt 0:00:02]} 25. Qxa6 {[%emt 0:00:18]} exf4 {[%emt 0:00:15]} 26. Nxd4 {[%emt 0:00:23]} Bc5 {[%emt 0:00:41]} 27. Kh1 {[%emt 0:00:17]} Bxd4 {[%emt 0:00:19]} 28. Rxd4 {[%emt 0:00:16]} Rxc7 {[%emt 0:00:03]} 29. Rd1 {[%emt 0:01:20]} fxg3 {[%emt 0:00:02]} 30. hxg3 {[%emt 0:00:05]} Kg7 {[%emt 0:00:21]} 31. Qd3 {[%emt 0:00:20]} Bc6 {[%emt 0:00:49]} 32. Qd4+ {[%emt 0:00:25]} Kf7 {[%emt 0:00:14]} 33. Bxc6 {[%emt 0:00:12]} Qxc6+ {[%emt 0:00:02]} 34. Kh2 {[%emt 0:00:01]} Re7 {[%emt 0:00:09]} 35. Rd2 {[%emt 0:00:07]} Qf6 {[%emt 0:00:09]} 36. Qd8 {[%emt 0:00:08]} Rxe2+ {[%emt 0:00:05]} 37. Kh3 {[%emt 0:00:10]} Qxd8 {[%emt 0:00:02]} 38. Rxd8 {[%emt 0:00:01]} Rxb2 {[%emt 0:00:01]} 39. Rd7+ {[%emt 0:00:01]} Kf6 {[%emt 0:00:01]} 40. Rb7 {[%emt 0:00:08]} Rxa2 {[%emt 0:00:16]} 41. Rxb6+ {[%emt 0:00:01]} Kg5 {[%emt 0:00:01]} 42. Rc6 {[%emt 0:00:13]} Ra3 {[%emt 0:00:02]} 43. Kg2 {[%emt 0:00:14]} Kg4 {[%emt 0:00:06]} 44. Rc4+ {[%emt 0:00:02]} Kh5 {[%emt 0:00:02]} 45. Rh4+ {[%emt 0:00:02]} Kg5 {[%emt 0:00:03]} 46. Rxh7 {[%emt 0:00:02]} Ra4 {[%emt 0:01:11]} 47. Rb7 {[%emt 0:00:13]} Kg4 {[%emt 0:00:03]} 48. Rb2 {[%emt 0:00:05]} Rd4 {[%emt 0:00:38]} 49. Ra2 {[%emt 0:00:11]} Rd3 {[%emt 0:00:14]} 50. Ra4+ {[%emt 0:00:01]} Kg5 {[%emt 0:00:01]} 51. Rb4 {[%emt 0:00:02]} Re3 {[%emt 0:00:02]} 52. Ra4 {[%emt 0:00:02]} Kf6 {[%emt 0:00:01]} 53. Kf2 {[%emt 0:00:05]} Re6 {[%emt 0:00:04]} 54. Kf3 {[%emt 0:00:04]} Rd6 {[%emt 0:00:04]} 55. Ra8 {[%emt 0:00:10]} Rd3+ {[%emt 0:00:22]} 56. Kg2 {[%emt 0:00:05]} Ke5 {[%emt 0:00:19]} 57. Rg8 {[%emt 0:00:02]} Rd6 {[%emt 0:00:02]} 58. Re8+ {[%emt 0:00:04]} Re6 {[%emt 0:00:02]} 59. Ra8 {[%emt 0:00:06]} Rd6 {[%emt 0:00:35]} 60. Ra4 {[%emt 0:00:04]} Rd4 {[%emt 0:00:07]} 61. Ra2 {[%emt 0:00:10]} Rd6 {[%emt 0:00:16]} 62. Re2+ {[%emt 0:00:11]} Kf6 {[%emt 0:00:12]} 63. Ra2 {[%emt 0:00:05]} Rd4 {[%emt 0:00:01]} 64. Kf3 {[%emt 0:00:06]} Kg5 {[%emt 0:00:14]} 65. Ra6 {[%emt 0:00:01]} Rd3+ {[%emt 0:00:12]} 66. Kg2 {[%emt 0:00:04]} Kh5 {[%emt 0:00:03]} 67. Ra4 {[%emt 0:00:03]} Re3 {[%emt 0:00:05]} 68. Kf2 {[%emt 0:00:05]} Re4 {[%emt 0:00:04]} 69. Ra2 {[%emt 0:00:11]} Kg4 {[%emt 0:00:03]} 70. Rb2 {[%emt 0:00:09]} Kh3 {[%emt 0:00:39]} 71. Rb8 {[%emt 0:00:09]} Kg4 {[%emt 0:00:08]} 72. Rb2 {[%emt 0:00:02]} Rd4 {[%emt 0:00:11]} 73. Ra2 {[%emt 0:00:05]} g5 {[%emt 0:00:02]} 74. Kg2 {[%emt 0:00:07]} Rd3 {[%emt 0:00:10]} 75. Ra4+ {[%emt 0:00:01]} f4 {[%emt 0:00:01]} 76. gxf4 {[%emt 0:00:04]} Rd2+ {[%emt 0:00:03]} 77. Kg1 {[%emt 0:00:15]} gxf4 {[%emt 0:00:09]} 78. Ra3 {[%emt 0:00:16]} Re2 {[%emt 0:00:22]} 79. Kf1 {[%emt 0:00:07]} Re5 {[%emt 0:00:11]} 80. Rb3 {[%emt 0:00:07]} f3 {[%emt 0:00:23]} 81. Rb8 {[%emt 0:00:03]} Kf4 {[%emt 0:00:02]} 82. Rf8+ {[%emt 0:00:36]} Ke3 {[%emt 0:00:03]} 83. Rb8 {[%emt 0:00:03]} Re4 84. Ra8 {[%emt 0:00:19]} Rb4 {[%emt 0:00:34]} 85. Re8+ {[%emt 0:00:05]} Kf4 {[%emt 0:00:02]} 86. Rf8+ {[%emt 0:00:01]} Kg3 {[%emt 0:00:01]} 87. Rg8+ {[%emt 0:00:01]} Rg4 {[%emt 0:00:15]} 88. Rxg4+ {[%emt 0:00:02]} Kxg4 {[%emt 0:00:01]} 89. Kf2 {[%emt 0:00:00]} Kf4 {[%emt 0:00:01]} 90. Kf1 {[%emt 0:00:01]} Kg3 {[%emt 0:00:02]} 91. Kg1 {[%emt 0:00:01]} 1/2-1/2

[Event "Kupreichik Memorial Open 2018"]
[Site "Minsk"]
[Date "2018.06.21"]
[Round "4"]
[White "Tsaruk, Maksim"]
[Black "Ten, Alexander"]
[Result "1-0"]
[WhiteElo "1980"]
[BlackElo "2265"]
[Annotator "NA"]
[PlyCount "85"]
[EventDate "2018.06.21"]
[EventCountry "BLR"]
[SourceTitle "playchess.com"]
[Source "ChessBase"]
[SourceQuality "1"]
[TimeControl "900+10"]

1. e4 {[%emt 0:00:00]} e5 {[%emt 0:00:01]} 2. Nf3 {[%emt 0:00:00]} Nc6 {[%emt 0:00:02]} 3. Bb5 {[%emt 0:00:05]} Nf6 {[%emt 0:00:15]} 4. O-O {[%emt 0:00:07]} d6 {[%emt 0:01:37]} 5. d4 {[%emt 0:00:23]} exd4 {[%emt 0:00:10]} 6. Nxd4 {[%emt 0:00:05]} Bd7 {[%emt 0:00:01]} 7. Re1 {[%emt 0:01:25]} Be7 {[%emt 0:00:14]} 8. Bf1 {[%emt 0:01:50]} O-O {[%emt 0:00:13]} 9. c4 {[%emt 0:00:05]} Nxd4 {[%emt 0:02:19]} 10. Qxd4 {[%emt 0:00:02]} Be6 {[%emt 0:00:39]} 11. Nc3 {[%emt 0:00:11]} Nd7 {[%emt 0:02:23]} 12. b3 {[%emt 0:00:11]} Bf6 {[%emt 0:00:24]} 13. Qd2 {[%emt 0:00:06]} Nc5 {[%emt 0:01:02]} 14. Bb2 {[%emt 0:00:53]} a5 {[%emt 0:00:03]} 15. Rad1 {[%emt 0:00:44]} Qd7 {[%emt 0:01:22]} 16. h3 {[%emt 0:06:43]} Rfe8 {[%emt 0:00:23]} 17. f4 {[%emt 0:01:38]} Qc6 {[%emt 0:00:22]} 18. Nb5 {[%emt 0:02:19]} Bxb2 {[%emt 0:02:34]} 19. Qxb2 {[%emt 0:00:01]} Qb6 {[%emt 0:00:22]} 20. Qf2 {[%emt 0:00:22]} Bd7 {[%emt 0:00:15]} 21. Nc3 {[%emt 0:00:24]} Bc6 {[%emt 0:00:11]} 22. e5 {[%emt 0:00:21]} dxe5 {[%emt 0:00:23]} 23. fxe5 {[%emt 0:00:06]} a4 {[%emt 0:00:46]} 24. Nd5 {[%emt 0:00:38]} Bxd5 {[%emt 0:00:01]} 25. cxd5 {[%emt 0:00:01]} axb3 26. axb3 Nxb3 {[%emt 0:01:17]} 27. Qxb6 {[%emt 0:00:02]} cxb6 {[%emt 0:00:01]} 28. Rb1 {[%emt 0:00:29]} Ra3 {[%emt 0:00:43]} 29. d6 {[%emt 0:00:23]} Rd8 {[%emt 0:00:15]} 30. Re3 {[%emt 0:00:13]} Nd2 {[%emt 0:00:05]} 31. Rxa3 {[%emt 0:00:01]} Nxb1 {[%emt 0:00:01]} 32. Rb3 {[%emt 0:00:01]} Nd2 {[%emt 0:00:03]} 33. Rxb6 {[%emt 0:00:00]} Ne4 {[%emt 0:00:31]} 34. Rxb7 {[%emt 0:00:16]} Nc5 {[%emt 0:00:18]} 35. Rc7 {[%emt 0:00:16]} Nd7 {[%emt 0:00:07]} 36. Bb5 {[%emt 0:00:25]} Nxe5 {[%emt 0:00:02]} 37. d7 {[%emt 0:00:00]} Kf8 {[%emt 0:00:04]} 38. Kf2 {[%emt 0:00:08]} Ke7 {[%emt 0:00:01]} 39. Ke3 {[%emt 0:00:05]} Nxd7 {[%emt 0:00:06]} 40. Ke4 {[%emt 0:00:21]} Kd6 {[%emt 0:00:40]} 41. Rc6+ {[%emt 0:00:01]} Ke7 {[%emt 0:00:10]} 42. Rc7 {[%emt 0:00:01]} Kd6 {[%emt 0:00:25]} 43. Rc6+ {[%emt 0:00:02]} 1-0

[Event "Kupreichik Memorial Open 2018"]
[Site "Minsk"]
[Date "2018.06.21"]
[Round "4"]
[White "Naumovich, Yaroslav"]
[Black "Rakhmangulova, Anastasiya"]
[Result "1-0"]
[WhiteElo "1959"]
[BlackElo "2244"]
[Annotator "NA"]
[PlyCount "73"]
[EventDate "2018.06.21"]
[EventCountry "BLR"]
[SourceTitle "playchess.com"]
[Source "ChessBase"]
[SourceQuality "1"]
[TimeControl "900+10"]

1. Nf3 {[%emt 0:00:00]} c5 {[%emt 0:00:01]} 2. c4 {[%emt 0:00:00]} Nc6 {[%emt 0:00:01]} 3. Nc3 {[%emt 0:00:00]} g6 {[%emt 0:00:01]} 4. g3 {[%emt 0:00:00]} Bg7 {[%emt 0:00:01]} 5. Bg2 {[%emt 0:00:00]} Nh6 {[%emt 0:00:01]} 6. O-O {[%emt 0:00:00]} Nf5 {[%emt 0:00:01]} 7. d3 {[%emt 0:00:02]} d6 {[%emt 0:00:03]} 8. Bd2 {[%emt 0:00:01]} Bd7 {[%emt 0:00:20]} 9. Rb1 {[%emt 0:00:01]} a6 {[%emt 0:00:44]} 10. a3 {[%emt 0:00:02]} Nfd4 {[%emt 0:00:37]} 11. b4 {[%emt 0:00:40]} Rb8 {[%emt 0:01:13]} 12. b5 {[%emt 0:00:53]} axb5 {[%emt 0:00:06]} 13. Nxb5 {[%emt 0:00:31]} Nxb5 {[%emt 0:00:17]} 14. cxb5 {[%emt 0:00:06]} Ne5 {[%emt 0:00:36]} 15. Nxe5 {[%emt 0:00:10]} Bxe5 {[%emt 0:00:01]} 16. a4 {[%emt 0:00:44]} h5 {[%emt 0:00:11]} 17. h4 {[%emt 0:00:03]} Qc8 {[%emt 0:00:21]} 18. Qb3 {[%emt 0:00:52]} Be6 {[%emt 0:00:47]} 19. Qc2 {[%emt 0:00:07]} Bh3 {[%emt 0:02:11]} 20. Bc3 {[%emt 0:00:11]} Bxc3 {[%emt 0:00:28]} 21. Qxc3 {[%emt 0:00:01]} f6 {[%emt 0:00:06]} 22. a5 {[%emt 0:00:15]} Rg8 {[%emt 0:01:53]} 23. Qc4 {[%emt 0:00:49]} Rg7 {[%emt 0:01:44]} 24. d4 {[%emt 0:00:24]} Bxg2 {[%emt 0:01:15]} 25. Kxg2 {[%emt 0:00:02]} Qg4 {[%emt 0:00:24]} 26. Rfc1 {[%emt 0:01:31]} Qe4+ {[%emt 0:02:03]} 27. f3 {[%emt 0:00:12]} Qxd4 {[%emt 0:00:25]} 28. Qxd4 {[%emt 0:00:01]} cxd4 {[%emt 0:00:01]} 29. a6 {[%emt 0:00:01]} bxa6 {[%emt 0:03:43]} 30. bxa6 {[%emt 0:00:01]} Ra8 {[%emt 0:00:00]} 31. Rb6 {[%emt 0:00:02]} Kd7 {[%emt 0:00:30]} 32. Rb7+ {[%emt 0:00:16]} Ke6 {[%emt 0:00:04]} 33. a7 {[%emt 0:00:01]} Rgg8 {[%emt 0:00:12]} 34. Rc4 {[%emt 0:01:32]} Kd5 {[%emt 0:00:06]} 35. Rcb4 {[%emt 0:00:00]} Ke6 {[%emt 0:00:19]} 36. Rb8 {[%emt 0:00:43]} Kf7 {[%emt 0:00:11]} 37. Rxg8 {[%emt 0:00:03]} 1-0